Statistics for Indo-European language branches

Click here to take the quiz!

General Stats

  • This quiz has been taken 151 times
    (95 since last reset)
  • The average score is 6 of 8

Answer Stats

Hint Answer % Correct
Northwestern Europe and North AmericaGermanic
94%
Greece, CyprusGreek
91%
Parts of Wales, Scotland, Ireland, and Brittany (France)Celtic
88%
Southwestern Europe and Latin AmericaItalic
84%
Albania, Kosovo, small parts of ItalyAlbanian
73%
Armenia, AzerbaijanArmenian
71%
South AsiaIndo-Iranian
60%
Eastern EuropeBalto-Slavic
51%

Score Distribution

Percentile by Number Answered

Percent of People with Each Score

Your Score History

You have not taken this quiz since the last reset